000 00742nam a2200205Ii 4500
003 JO-AjNU
008 230605s9999||||xx |||||||||||||| ||und||
017 _a1997/12/1903
040 _aJO-AjNU
_bara
_erda
_cJO-AjNU
041 _aara
050 1 4 _aBP3976.M339 1998
100 3 _aالمعايطة، صلاح,
_eauthor
_941211
245 0 0 _aدعوى الدية وتطبيقاتها في المحاكم الشرعية الأردنية
264 3 1 _aعمان: مؤسسة البلسم للنشر والتوزيع، 1998
300 _a213ص
336 _atext
_btxt
_2rdacontent
337 _aunmediated
_bn
_2rdamedia
338 _avolume
_bnc
_2rdacarrier
650 4 _aالديات- فقه اسلامي- قوانين وتشريعات
_941212
999 _aA17552
_c21120
_d21120